Rozbité šťastie (Record no. 10663)
[ view plain ]
| 000 -NÁVESTIE | |
|---|---|
| fixed length control field | 00291nam a2200121 a 4500 |
| 008 - ÚDAJE S PEVNOU DĹŽKOU – VŠEOBECNÉ INFORMÁCIE | |
| fixed length control field | 100923s2008|||| d |
| 020 ## - MEDZINÁRODNÉ ŠTANDARDNÉ ČÍSLO KNIHY (ISBN) | |
| Údaje o dostupnosti | 269.- |
| 041 ## - KÓD JAZYKA | |
| Kód jazyka textu/zvukovej stopy alebo samostatných nápisov | slo |
| 044 ## - KÓD KRAJINY VYDAVATEĽA/PRODUCENTA | |
| Kód krajiny MARC | xo |
| Kód krajiny ISO | SK |
| 100 1# - OSOBNÉ MENÁ – VŠEOBECNÉ INFORMÁCIE | |
| Osobné meno | Vasilková- Keleová, Taňa |
| 245 10 - NÁZOV | |
| Názov | Rozbité šťastie |
| 260 ## - VYDAVATEĽSKÉ ÚDAJE, DISTRIBÚCIA ATĎ. | |
| Názov vydavateľa, distibútora atď. | Ikar |
| Miesto publikovania, distribúcie atď. | Bratislava |
| Dátum publikovania, distribúcie atď. | 2008 |
| Stav stiahnutia (Blokovanie) (Withrawn status) | Stav straty | Zdroj klasifikácie pre skladovanie | Stav poškodenia (Damaged status) | Nie pre výpožičky (Not for loan) | Spôsob nadobudnutia (Collection code) | Trvalé umiestnenie | Aktuálne umiestnenie | Dátum nadobudnutia | Náklady, bežná kúpna cena | Inventárne číslo (prírastkové číslo) | Celkom výpožičky | Full call number | Čiarový kód | Dátum posledného výskytu | Dátum poslednej výpôžičky | Cena s účinnosťou od | Typ jednotky Koha |
|---|---|---|---|---|---|---|---|---|---|---|---|---|---|---|---|---|---|
| Kúpa | Mestská knižnica Giraltovce | Mestská knižnica Giraltovce | 2019-11-29 | 269.00 | 10031 | 2 | B 4210 | B4210 | 2025-05-30 | 2025-05-12 | 2019-11-29 | Krásna literatúra pre deti |